Sources of international cost data and location cost modelling (Record no. 73650)
[ view plain ]
| 000 -LEADER | |
|---|---|
| fixed length control field | 00981cam a2200229 4500 |
| 001 - CONTROL NUMBER | |
| control field | ABS67120 |
| 008 - FIXED-LENGTH DATA ELEMENTS--GENERAL INFORMATION | |
| fixed length control field | 031027n2003 000 0 eng u |
| 035 ## - SYSTEM CONTROL NUMBER | |
| System control number | (Sirsi) u124053 |
| 100 ## - MAIN ENTRY--PERSONAL NAME | |
| Personal name | Fleming, C. |
| 245 ## - TITLE STATEMENT | |
| Title | Sources of international cost data and location cost modelling |
| 260 ## - PUBLICATION, DISTRIBUTION, ETC. | |
| Date of publication, distribution, etc. | 2003 |
| 490 ## - SERIES STATEMENT | |
| Series statement | Cost Engineer |
| Volume/sequential designation | 41(5) September 2003, 15-20(6) |
| 520 ## - SUMMARY, ETC. | |
| Summary, etc. | This conference paper sets out to provide an updated global list of sources of construction cost data, to aid cost engineers in pricing international projects. Tables are included on sources of cost estimating data and conceptual estimating location cost factors from the UK. Analyses location cost modelling, feasibility studies and budget estimating. |
| 590 ## - LOCAL NOTE (RLIN) | |
| Local note | ABS |
| 650 ## - SUBJECT ADDED ENTRY--TOPICAL TERM | |
| Topical term or geographic name entry element | BUILT ENVIRONMENT-BUILDING COSTS |
| 650 ## - SUBJECT ADDED ENTRY--TOPICAL TERM | |
| Topical term or geographic name entry element | INTERNATIONAL |
| 650 ## - SUBJECT ADDED ENTRY--TOPICAL TERM | |
| Topical term or geographic name entry element | ESTIMATING |
| 650 ## - SUBJECT ADDED ENTRY--TOPICAL TERM | |
| Topical term or geographic name entry element | COST MODELLING |
| 650 ## - SUBJECT ADDED ENTRY--TOPICAL TERM | |
| Topical term or geographic name entry element | FEASIBILITY STUDIES |
| 690 ## - LOCAL SUBJECT ADDED ENTRY--TOPICAL TERM (OCLC, RLIN) | |
| Topical term or geographic name as entry element | BUILT ENVIRONMENT-BUILDING COSTS |
| 942 ## - ADDED ENTRY ELEMENTS (KOHA) | |
| Suppress in OPAC | 0 |
| Withdrawn status | Lost status | Source of classification or shelving scheme | Damaged status | Not for loan | Home library | Current library | Shelving location | Date acquired | Total Checkouts | Full call number | Barcode | Date last seen | Copy number | Price effective from | Koha item type |
|---|---|---|---|---|---|---|---|---|---|---|---|---|---|---|---|
| Dewey Decimal Classification | London | London | Journal article | 27/10/2003 | ABS67120 | 124053-1001 | 06/08/2019 | 1 | 06/08/2019 | Journal article |